West Point (Army) Alumni - Statistics

General Stats
  • This quiz has been taken 17 times
  • The average score is 9 of 17
Answer Stats
Hint Answer % Correct
President of the United States from 1953 to 1961 Dwight D. Eisenhower
100%
President of the Confederate States from 1861 to 1865 Jefferson Davis
93%
President of the United States from 1869 to 1877 Ulysses S. Grant
93%
Astronaut and the second person to walk on the Moon Buzz Aldrin
87%
Writer and poet, "The Raven" Edgar Allan Poe
87%
General in the United States Army who was portrayed by George C. Scott in an award-winning film George S. Patton
73%
General of the Army, Chief of Staff of the Army from 1930 to 1935 and Supreme Commander for the Allied Powers from 1945 to 1951 Douglas MacArthur
67%
Hall of Fame basketball head coach at Duke from 1980 to 2022 Mike Krzyzweski
53%
Astronaut who flew the Apollo 11 around the Moon during the moon landing Michael Collins
47%
Secretary of Defense since 2021 Lloyd Austin
33%
Former offensive tackle who played for the Pittsburgh Steelers and combat veteran of the War in Afghanistan Alejandro Villanueva
27%
Senator from Pennsylvania since 2025 Dave McCormick
27%
Governor of Louisiana from 2016 to 2024 John Bel Edwards
27%
Secretary of State from 2018 to 2021 and Director of the CIA from 2017 to 2018 Mike Pompeo
27%
Director of the CIA from 2011 to 2012 David Petraeus
20%
Secretary of Defense from 2019 to 2020 Mark Esper
20%
Governor of Nebraska from 2005 to 2015 Dave Heineman
13%
No matching quizzes found
Score Distribution
Percent of People with Each Score
Percentile by Number Answered
Your Score History
You have not taken this quiz